000 00666cam a2200205 4500
001 8066
005 20250318145204.0
008 961003s1997 enka b 001 0 eng
010 _a 96045158
020 _a978100150224
082 0 0 _a693.9 REE
100 1 _aReece, Koreen M.
_d2022.
245 1 0 _aPandemic kinship :
_bfamilies, intervention, and social change in Botswana's time of AIDS /
_cReece, Koreen M.
260 _aLondon ;
_bCambridge University Press,
_c2022.
300 _axiv, 308 p. :
_bill. ;
_c28 cm.
504 _aIncludes bibliographical references (p. [186]-195) and index.
650 0 _aKinship.
662 _2Pandemic.
942 _2ddc
_cBOOKAID
999 _c10155
_d10156